00311 2200133 4500001002100000005001500021035002000036245004900056300000700105260003300112082000800145084001200153990001200165INLIS00000000000212020250527111245 a0010-0525000412 aModal Kecil Untung Besar /cM. Rosyid Kusnan a60 bSaka Mitra Kompetensi,c2007 a300 a300 MOD a0713230